The Last of Us Part II character quiz - Statistics

General Stats
  • This quiz has been taken 45 times
    44 since last reset
  • The average score is 15 of 24
Answer Stats
Answer % Correct
Joel Miller
100%
Abby Anderson
97%
Owen Moore
97%
Tommy Miller
97%
Dina
94%
Ellie Williams
94%
Jesse
88%
Lev
88%
Maria Miller
84%
Mel
81%
Yara
78%
Emmanuel Alvarez
75%
Nora Harris
69%
Leah
59%
J.J.
56%
Jordan
53%
Seth
50%
Jerry Anderson
47%
Isaac Dixon
44%
Marlene
31%
Nick
19%
Whitney Sato
9%
Emily
6%
Mike
6%
No matching quizzes found
Score Distribution
Percent of People with Each Score
Percentile by Number Answered
Your Score History
You have not taken this quiz since the last reset